Central Library OPAC University of Rajshahi

English writings of Richard Rolle, hermit of Hampole / (Record no. 31894)

MARC details
000 -LEADER
fixed length control field 00700nam a2200217 a 4500
001 - CONTROL NUMBER
control field 31894
003 - CONTROL NUMBER IDENTIFIER
rucl marc code BD-RjUL
005 - DATE AND TIME OF LATEST TRANSACTION
control field 20211209051749.0
008 - FIXED-LENGTH DATA ELEMENTS--GENERAL INFORMATION
fixed length control field 140422s1931 enk 00000 eng d
035 ## - SYSTEM CONTROL NUMBER
System control number (BD-RjUL)31982
040 ## - CATALOGING SOURCE
Original cataloging agency BD-RjUL
Language of cataloging eng
Transcribing agency BD-RjUL
Modifying agency BD-RjUL
041 ## - LANGUAGE CODE
Language code of text/sound track or separate title eng
082 00 - DEWEY DECIMAL CLASSIFICATION NUMBER
Classification number 828.1
Author mark and year ROE 1931
100 10 - MAIN ENTRY--PERSONAL NAME
Personal name Rolle, Richard,
Dates associated with a name 1290?-1349.
9 (RLIN) 97089
245 10 - TITLE STATEMENT
Title English writings of Richard Rolle, hermit of Hampole /
Statement of responsibility, etc. Edited by Hope Emily Allen.
260 0# - PUBLICATION, DISTRIBUTION, ETC. (IMPRINT)
Place of publication, distribution, etc. Oxford :
Name of publisher, distributor, etc. Clarendon,
Date of publication, distribution, etc. 1931.
300 ## - PHYSICAL DESCRIPTION
Illustrations illus. ;
Pagination xiv, 180 p. ;
Size 20 cm.
650 #0 - SUBJECT ADDED ENTRY--TOPICAL TERM
Topical term or geographic name as entry element English literature
Chronological subdivision Middle English, 1100-1500.
9 (RLIN) 97090
700 10 - ADDED ENTRY--PERSONAL NAME
Personal name Allen, Hope Emily,
942 ## - ADDED ENTRY ELEMENTS (KOHA)
Source of classification or shelving scheme Dewey Decimal Classification
Koha item type Books
Holdings
Lost status Source of classification or shelving scheme Damaged status Not for loan Permanent Location Current Location Shelving location Date acquired Source of acquisition Cost, normal purchase price Total Checkouts Full call number Date last seen Copy number Koha item type
  Dewey Decimal Classification   Not For Loan Central Library, University of Rajshahi Central Library, University of Rajshahi Reading Room 21/07/1955 O. U. P 6.40   828.1 ROE 1931 22/04/2014 C-1 Books